20 zufällige Charaktere nach Bildern - Seven Deadly Sins - Statistiken

Allgemein
  • Dieses Quiz wurde 29 mal gespielt
  • Das Durchschnittsergebnis liegt bei 10 aus 20
Antwortstatistiken
Bildquiz Antwort % Korrekt
Ban
100%
Diane
100%
Elizabeth Liones
100%
Meliodas
100%
Merlin
100%
Elaine
83%
Arthur Pendragon
80%
Gilthunder
78%
Escanor
75%
Melascula
71%
Estarossa
70%
Gowther
67%
King / Harlequin
67%
Liz
63%
Zeldris
57%
Derieri
56%
Drole
56%
Hawk
50%
Hendrickson
50%
Mael
50%
Gloxinia
46%
Margaret Liones
43%
Fraudrin
40%
Mama Hawk
40%
Dreyfus
33%
Helbram
33%
Ludociel
33%
Galand
29%
Bartra Liones
25%
Monspeet
25%
Veronica Liones
25%
Zaratras
25%
Howzer
20%
Jericho
20%
Tarmiel
20%
Griamore
17%
Sariel
11%
Gerheade
0%
Guila
0%
Zeal
0%
Keine übereinstimmenden Quizze gefunden
Verteilung der Resultate
Anzahl Personen mit jedem Resultat
Perzentil nach korrekt beantworteten Fragen
Ihre Resultats-Entwicklung
Sie haben dieses Quiz noch nicht gespielt